[Event "VIII Floripa Chess Open 2022 - LIRA - mesa 1 a 205 - HOTEL FAIAL - 206 a 246"]
[Site "Lira Tênis Clube - Florianópolis/SC"]
[Date "2022.01.27"]
[Round "5"]
[Board "151"]
[White "Frattini, Beatriz Maria"]
[Black "Consoli, Anderson Luiz"]
[Result "1-0"]
[WhiteElo "1948"]
[BlackElo "1477"]
[PlyCount "87"]
[EventDate "2022.01.24"]
[EventRounds "10"]
[EventCountry "BRA"]

1. e4 c5 2. Nf3 Nc6 3. d4 cxd4 4. Nxd4 g6 5. Nc3 Bg7 6. Be3 Nf6 7. Bc4 Qa5 8.
O-O O-O 9. Nb3 Qd8 10. f4 a6 11. Be2 e6 12. Bc5 Ne7 13. e5 Ne8 14. Na4 Nf5 15.
Nb6 Rb8 16. Nxc8 Rxc8 17. Bxf8 Bxf8 18. Qd2 d5 19. Bd3 Neg7 20. Kh1 Qh4 21. Rf3
Qg4 22. Be2 Qh4 23. Rh3 Qe7 24. g4 Nh4 25. Qe1 g5 26. Bd3 h6 27. Nd4 f5 28.
exf6 Qxf6 29. fxg5 hxg5 30. Qd2 Bd6 31. Rf1 Bf4 32. Qf2 e5 33. Ne2 Ne6 34. Qb6
Qe7 35. Bf5 Rc6 36. Qb3 Qd6 37. Qxb7 Rc7 38. Bxe6+ Qxe6 39. Qxc7 Qxg4 40. Nxf4
exf4 41. Rxh4 Qxh4 42. Qd8+ Kh7 43. Rg1 Kh6 44. Qf6+  1-0

[Event "VIII Floripa Chess Open 2022 - LIRA - mesa 1 a 205 - HOTEL FAIAL - 206 a 246"]
[Site "Lira Tênis Clube - Florianópolis/SC"]
[Date "2022.01.27"]
[Round "5"]
[Board "152"]
[White "Peixoto, Rudson Marinho"]
[Black "Luz, Christian Oliveira"]
[Result "1-0"]
[WhiteElo "1941"]
[BlackElo "1443"]
[PlyCount "49"]
[EventDate "2022.01.24"]
[EventRounds "10"]
[EventCountry "BRA"]

1. e4 c5 2. Nf3 e6 3. d4 cxd4 4. Nxd4 a6 5. Bd3 Qc7 6. O-O Nc6 7. Be3 Nf6 8.
Nd2 Be7 9. Nxc6 bxc6 10. f4 d6 11. Qe2 Bb7 12. c4 c5 13. g4 d5 14. cxd5 exd5
15. e5 Nd7 16. Rac1 Nb6 17. b3 O-O 18. Bf2 f6 19. exf6 Rxf6 20. g5 Rxf4 21. Bg3
Rxf1+ 22. Rxf1 Bd6 23. Bxh7+ Kxh7 24. Qh5+ Kg8 25. g6  1-0

[Event "VIII Floripa Chess Open 2022 - LIRA - mesa 1 a 205 - HOTEL FAIAL - 206 a 246"]
[Site "Lira Tênis Clube - Florianópolis/SC"]
[Date "2022.01.27"]
[Round "5"]
[Board "153"]
[White "Andersson, Cristian De Oliveira"]
[Black "Santos, Marcelo Da Silva"]
[Result "0-1"]
[WhiteElo "1464"]
[BlackElo "1935"]
[PlyCount "70"]
[EventDate "2022.01.24"]
[EventRounds "10"]
[EventCountry "BRA"]

1. c4 e6 2. Nc3 f5 3. Nf3 Nf6 4. d3 d5 5. cxd5 exd5 6. g3 c6 7. Bg2 Bd6 8. O-O
O-O 9. Qc2 Qc7 10. e3 Bd7 11. b3 Be8 12. Bb2 Bh5 13. Nd4 Qd7 14. Rae1 Bg6 15.
Nce2 Na6 16. a3 Rae8 17. Nf4 Bf7 18. Nf3 Ng4 19. h3 Ne5 20. Ng5 Nc7 21. Re2 Be6
22. Rfe1 h6 23. Ngxe6 Nxe6 24. Nxe6 Qxe6 25. f4 Nd7 26. e4 dxe4 27. dxe4 fxe4
28. Rxe4 Qg6 29. Qc3 Nf6 30. Re6 Rxe6 31. Rxe6 Bc7 32. Kh2 Rf7 33. Qe3 Bb6 34.
Qf3 Qb1 35. Bxf6 Qg1#  0-1

[Event "VIII Floripa Chess Open 2022 - LIRA - mesa 1 a 205 - HOTEL FAIAL - 206 a 246"]
[Site "Lira Tênis Clube - Florianópolis/SC"]
[Date "2022.01.27"]
[Round "5"]
[Board "154"]
[White "Leao, Cintia Rocha"]
[Black "Koinski, Carlos Cesar"]
[Result "1-0"]
[WhiteElo "1926"]
[BlackElo "1431"]
[PlyCount "91"]
[EventDate "2022.01.24"]
[EventRounds "10"]
[EventCountry "BRA"]

1. e4 c5 2. Nf3 Nc6 3. d3 d6 4. g3 g6 5. Bg2 Bg7 6. O-O Nf6 7. c3 Nd7 8. Nbd2
Nde5 9. Qc2 O-O 10. Nxe5 Nxe5 11. f4 Nc6 12. Nf3 Qc7 13. Be3 Bg4 14. Nh4 Bd7
15. f5 Rac8 16. Qd2 Ne5 17. h3 Bb5 18. Bh6 Bxd3 19. Bxg7 Kxg7 20. Rf2 c4 21.
Qg5 f6 22. Qd2 g5 23. Nf3 Bxe4 24. Nxg5 Bxf5 25. Rxf5 Qd7 26. Rxe5 fxe5 27. Bd5
Rf6 28. Rf1 Rxf1+ 29. Kxf1 Rf8+ 30. Kg2 Rf6 31. Qc2 Rg6 32. h4 h6 33. Bf7 Rxg5
34. hxg5 Kxf7 35. Qh7+ Kf8 36. g6 Qc6+ 37. Kh2 Ke8 38. g7 Kd7 39. Qf5+ Kc7 40.
g8=Q Kb6 41. Qd8+ Ka6 42. Qxe7 Qb6 43. Qff6 Qxb2+ 44. Kh3 Qxa2 45. Qfxd6+ b6
46. Qa3+  1-0

[Event "VIII Floripa Chess Open 2022 - LIRA - mesa 1 a 205 - HOTEL FAIAL - 206 a 246"]
[Site "Lira Tênis Clube - Florianópolis/SC"]
[Date "2022.01.27"]
[Round "5"]
[Board "155"]
[White "Carvalho, Cleber Del Castillo"]
[Black "Marocco, Gabriel Leao Quadros"]
[Result "1-0"]
[WhiteElo "1901"]
[BlackElo "1410"]
[PlyCount "57"]
[EventDate "2022.01.24"]
[EventRounds "10"]
[EventCountry "BRA"]

1. e4 c5 2. c4 d6 3. g3 Nf6 4. Nc3 g6 5. Bg2 Bg7 6. Nge2 Nc6 7. O-O O-O 8. h3
Nd7 9. f4 e6 10. Nb5 Nb6 11. d3 a6 12. Nbc3 Nd4 13. Be3 Nxe2+ 14. Nxe2 Bxb2 15.
Rb1 Bg7 16. Qb3 Nd7 17. d4 cxd4 18. Nxd4 e5 19. Ne2 exf4 20. gxf4 Nc5 21. Qa3
Ne6 22. Rfd1 Qc7 23. f5 Nc5 24. Nf4 Re8 25. Nd5 Qc6 26. f6 Bf8 27. e5 Kh8 28.
Ne7 Qc7 29. exd6  1-0

[Event "VIII Floripa Chess Open 2022 - LIRA - mesa 1 a 205 - HOTEL FAIAL - 206 a 246"]
[Site "Lira Tênis Clube - Florianópolis/SC"]
[Date "2022.01.27"]
[Round "5"]
[Board "156"]
[White "Calcada, Lucas Galvan"]
[Black "Da Silva, Jefferson Rian Ferreira"]
[Result "1/2-1/2"]
[WhiteElo "1460"]
[BlackElo "1901"]
[PlyCount "89"]
[EventDate "2022.01.24"]
[EventRounds "10"]
[EventCountry "BRA"]

1. Nf3 f5 2. d4 Nf6 3. Bg5 e6 4. Nbd2 Be7 5. Bxf6 Bxf6 6. e4 fxe4 7. Nxe4 O-O
8. Bd3 Nc6 9. c3 d5 10. Nxf6+ Qxf6 11. Qc2 g6 12. O-O e5 13. dxe5 Nxe5 14. Nxe5
Qxe5 15. Rae1 Qd6 16. Re3 Bf5 17. Bxf5 Rxf5 18. Qe2 Raf8 19. Re8 Rxe8 20. Qxe8+
Rf8 21. Qe3 b6 22. Re1 Qf4 23. Qxf4 Rxf4 24. Rd1 c6 25. f3 Kf7 26. Kf2 Rf6 27.
h3 Re6 28. Rd2 Ke7 29. Rd4 Kd6 30. Rd2 c5 31. Rd3 b5 32. Rd2 a5 33. a3 a4 34.
Rd3 Kc6 35. Rd2 Re8 36. Rc2 Re7 37. Rc1 Rb7 38. Rc2 Kd6 39. Rd2 b4 40. axb4
cxb4 41. cxb4 Rxb4 42. Ke3 g5 43. Kd3 Rf4 44. Re2 Rc4 45. Kd2  1/2-1/2

[Event "VIII Floripa Chess Open 2022 - LIRA - mesa 1 a 205 - HOTEL FAIAL - 206 a 246"]
[Site "Lira Tênis Clube - Florianópolis/SC"]
[Date "2022.01.27"]
[Round "5"]
[Board "157"]
[White "De Lima, Lucas Taveira"]
[Black "Luz, Jhonatan Rodrigues Da"]
[Result "0-1"]
[WhiteElo "1397"]
[BlackElo "1845"]
[PlyCount "56"]
[EventDate "2022.01.24"]
[EventRounds "10"]
[EventCountry "BRA"]

1. c4 Nf6 2. Nc3 g6 3. Nf3 Bg7 4. d3 d5 5. cxd5 Nxd5 6. Bd2 O-O 7. g3 c5 8. Bg2
Nc6 9. O-O e6 10. Rc1 b6 11. a3 Bb7 12. Qc2 Rc8 13. Rfd1 Nd4 14. Nxd4 cxd4 15.
e4 dxc3 16. bxc3 Nxc3 17. Bxc3 Rxc3 18. Qe2 Rxc1 19. Rxc1 Bd4 20. Kh1 Qd7 21.
f4 Rc8 22. Rf1 Qa4 23. Qg4 Qxa3 24. f5 exf5 25. exf5 Bxg2+ 26. Kxg2 Rc2+ 27.
Kh3 Qxd3 28. Rd1 Rd2  0-1

[Event "VIII Floripa Chess Open 2022 - LIRA - mesa 1 a 205 - HOTEL FAIAL - 206 a 246"]
[Site "Lira Tênis Clube - Florianópolis/SC"]
[Date "2022.01.27"]
[Round "5"]
[Board "159"]
[White "Landre, Geraldo Barbosa"]
[Black "Da Costa, Mariana Nara Santana"]
[Result "1-0"]
[WhiteElo "1817"]
[BlackElo "1351"]
[PlyCount "59"]
[EventDate "2022.01.24"]
[EventRounds "10"]
[EventCountry "BRA"]

1. d4 d5 2. c4 c6 3. cxd5 cxd5 4. Nf3 Nf6 5. Nc3 Bg4 6. Ne5 e6 7. Qa4+ Nbd7 8.
Bg5 Be7 9. Bxf6 Bxf6 10. Nxg4 O-O 11. Nxf6+ Nxf6 12. e3 Qb6 13. Qb5 Qxb5 14.
Bxb5 a6 15. Bd3 b5 16. a3 Rfb8 17. O-O b4 18. axb4 Rxb4 19. Rxa6 Rxa6 20. Bxa6
Rxb2 21. Rb1 Rxb1+ 22. Nxb1 Ne4 23. Kf1 h6 24. Ke2 Kf8 25. f3 Nd6 26. Nd2 Ke7
27. Nb3 Kd7 28. Nc5+ Kc7 29. Kd2 Kb6 30. Bd3  1-0

[Event "VIII Floripa Chess Open 2022 - LIRA - mesa 1 a 205 - HOTEL FAIAL - 206 a 246"]
[Site "Lira Tênis Clube - Florianópolis/SC"]
[Date "2022.01.27"]
[Round "5"]
[Board "160"]
[White "Hubner, Jessica Trindade"]
[Black "Da Luz, Fabio Rodolfo"]
[Result "1-0"]
[WhiteElo "1752"]
[BlackElo "1345"]
[PlyCount "95"]
[EventDate "2022.01.24"]
[EventRounds "10"]
[EventCountry "BRA"]

1. e4 e5 2. Nf3 Nc6 3. Bb5 Nf6 4. d3 Be7 5. Bxc6 dxc6 6. Nxe5 O-O 7. O-O Re8 8.
h3 Bd6 9. Nc4 Be7 10. Bg5 Be6 11. Nbd2 Qc8 12. Kh2 h6 13. Bf4 Rd8 14. Bg3 Nxe4
15. Nxe4 Bxc4 16. f4 Bd5 17. Qe2 Re8 18. f5 Bf6 19. Nxf6+ gxf6 20. Qg4+ Kh7 21.
Rf2 Rg8 22. Qh4 c5 23. Bf4 Qf8 24. Qxf6 Qg7 25. Qxg7+ Rxg7 26. Bxc7 Rag8 27.
Rg1 f6 28. Bf4 b5 29. a3 a5 30. g3 a4 31. Bd6 c4 32. dxc4 Bxc4 33. Re1 Rd7 34.
Bb4 Rgd8 35. Re7+ Rxe7 36. Bxe7 Rd1 37. Bxf6 Bd5 38. g4 Rh1+ 39. Kg3 Rg1+ 40.
Kh4 Rh1 41. Bd4 Bc4 42. Kg3 Bd5 43. Re2 Rd1 44. c3 Rd3+ 45. Kf4 Rd1 46. h4 Rh1
47. Kg3 Rf1 48. Re7+  1-0

[Event "VIII Floripa Chess Open 2022 - LIRA - mesa 1 a 205 - HOTEL FAIAL - 206 a 246"]
[Site "Lira Tênis Clube - Florianópolis/SC"]
[Date "2022.01.27"]
[Round "5"]
[Board "161"]
[White "Ferreira, Jose Carlos"]
[Black "Marcolino, Alex Vitor De Maman"]
[Result "0-1"]
[WhiteElo "1736"]
[BlackElo "1341"]
[PlyCount "122"]
[EventDate "2022.01.24"]
[EventRounds "10"]
[EventCountry "BRA"]

1. d4 Nf6 2. c4 g6 3. f3 Bg7 4. e4 d6 5. Nc3 c6 6. Be3 O-O 7. Qd2 Re8 8. Nge2
a6 9. Ng3 b5 10. Rc1 b4 11. Nd1 a5 12. Be2 Na6 13. O-O e5 14. dxe5 dxe5 15.
Qxd8 Rxd8 16. Bb6 Rd2 17. Be3 Rd6 18. Nf2 Nd7 19. Rfd1 Bf8 20. Kf1 Ndc5 21.
Rxd6 Bxd6 22. Bg5 Be6 23. Rd1 Bc7 24. h4 h5 25. Bf6 Kf8 26. Rd2 Nd7 27. Bg5 f6
28. Be3 Ke7 29. Ngh1 Bb6 30. Nd1 Nac5 31. Nhf2 a4 32. g4 a3 33. gxh5 gxh5 34.
f4 exf4 35. Bxf4 Ne5 36. Ne3 Nb3 37. Rc2 Bxe3 38. Bxe3 Nxc4 39. Bxc4 Bxc4+ 40.
Ke1 Na1 41. Rd2 axb2 42. Rxb2 Rxa2 43. Rxa2 Bxa2 44. Bc5+ Ke6 45. Kd1 b3 46.
Kc1 Nc2 47. Nd3 f5 48. exf5+ Kxf5 49. Kb2 Kg4 50. Be7 Ne3 51. Nf2+ Kf3 52. Nd3
Nf5 53. Bf6 Kg3 54. Nc5 Nxh4 55. Ne4+ Kf4 56. Nd2 Nf3 57. Nxb3 Bxb3 58. Kxb3 h4
59. Bxh4 Nxh4 60. Kc4 Ng6 61. Kc5 Ne7  0-1

[Event "VIII Floripa Chess Open 2022 - LIRA - mesa 1 a 205 - HOTEL FAIAL - 206 a 246"]
[Site "Lira Tênis Clube - Florianópolis/SC"]
[Date "2022.01.27"]
[Round "5"]
[Board "162"]
[White "Orlandi Neto, Aristides"]
[Black "Monteiro, Samuel Ramazzotte"]
[Result "0-1"]
[WhiteElo "1731"]
[BlackElo "1338"]
[PlyCount "76"]
[EventDate "2022.01.24"]
[EventRounds "10"]
[EventCountry "BRA"]

1. e4 c5 2. c3 g6 3. d4 cxd4 4. cxd4 Bg7 5. Nf3 Nf6 6. Nc3 d6 7. Bc4 O-O 8. O-O
Nc6 9. Bg5 Bg4 10. h3 Bxf3 11. gxf3 Nh5 12. Ne2 Qb6 13. Be3 Qc7 14. Rc1 Kh8 15.
a3 f5 16. Bb5 a6 17. Bd3 f4 18. d5 fxe3 19. fxe3 Qb6 20. dxc6 Qxe3+ 21. Kg2
bxc6 22. Rxc6 Qg5+ 23. Kf2 Qh4+ 24. Ke3 Bh6+ 25. Kd4 Qf6+ 26. Kc4 Rfc8 27. Qa4
Qe6+ 28. Kc3 Rxc6+ 29. Qxc6 Rc8 30. Qxc8+ Qxc8+ 31. Kb3 Bg7 32. Rc1 Qb7+ 33.
Kc2 Qxb2+ 34. Kd1 Bh6 35. Rc8+ Kg7 36. Rc2 Qb1+ 37. Nc1 Bxc1 38. Rxc1 Qxd3+  0-1

[Event "VIII Floripa Chess Open 2022 - LIRA - mesa 1 a 205 - HOTEL FAIAL - 206 a 246"]
[Site "Lira Tênis Clube - Florianópolis/SC"]
[Date "2022.01.27"]
[Round "5"]
[Board "163"]
[White "Ferreira, Kauan Mariani"]
[Black "Reis, Virginia Lagrange M."]
[Result "1-0"]
[WhiteElo "1364"]
[BlackElo "1724"]
[PlyCount "61"]
[EventDate "2022.01.24"]
[EventRounds "10"]
[EventCountry "BRA"]

1. e4 c5 2. Nf3 Nc6 3. d4 cxd4 4. Nxd4 g6 5. c4 Bg7 6. Be3 Nf6 7. Nc3 Ng4 8.
Qxg4 Nxd4 9. Qd1 Ne6 10. Be2 O-O 11. O-O d6 12. Rc1 Bd7 13. b3 Bc6 14. f3 Rc8
15. Qd2 Re8 16. Nd5 b6 17. Rfd1 Qd7 18. Qe1 Qb7 19. h4 Nc5 20. Qg3 Rcd8 21. h5
e6 22. Nb4 a5 23. Nxc6 Qxc6 24. hxg6 hxg6 25. Kf2 Be5 26. Qh4 d5 27. Bg5 Rd7
28. Bf6 Bxf6 29. Qxf6 Nxe4+ 30. fxe4 dxe4 31. Rxd7  1-0

[Event "VIII Floripa Chess Open 2022 - LIRA - mesa 1 a 205 - HOTEL FAIAL - 206 a 246"]
[Site "Lira Tênis Clube - Florianópolis/SC"]
[Date "2022.01.27"]
[Round "5"]
[Board "164"]
[White "Cardoso, Lucas Emanuel Alves"]
[Black "Mangini, Bruno Fernandes"]
[Result "1-0"]
[WhiteElo "1341"]
[BlackElo "1718"]
[PlyCount "151"]
[EventDate "2022.01.24"]
[EventRounds "10"]
[EventCountry "BRA"]

1. e4 c6 2. d4 d5 3. Nc3 dxe4 4. Nxe4 Bf5 5. Ng3 Bg6 6. h4 h6 7. Nf3 Nd7 8. h5
Bh7 9. Bd3 Bxd3 10. Qxd3 e6 11. Bd2 Qc7 12. O-O-O Ngf6 13. c4 O-O-O 14. Ne4 Nc5
15. Nxc5 Bxc5 16. Be3 Ng4 17. Qb3 Bd6 18. Rh4 Nxe3 19. fxe3 Be7 20. Rg4 Bf6 21.
Kb1 Qd7 22. Rg3 e5 23. d5 Qf5+ 24. Ka1 cxd5 25. cxd5 e4 26. Nd4 Qxd5 27. Rc1+
Kb8 28. Nc6+ Ka8 29. Nxd8 Qxd8 30. Rh3 a6 31. Rd1 Qa5 32. Rhh1 Qf5 33. Rc1 Be5
34. Rhf1 Qxh5 35. Rxf7 Rb8 36. a3 Qe2 37. Ka2 Qg4 38. Rd1 Qc8 39. Rdd7 Qc6 40.
Qd5 Qxd5+ 41. Rxd5 Bf6 42. Rdd7 Ka7 43. b4 h5 44. Kb3 h4 45. Kc4 Bg5 46. Kd4 g6
47. a4 Ka8 48. b5 axb5 49. axb5 Ka7 50. Rd6 Rg8 51. Rd5 Bd8 52. Kxe4 Bb6 53.
Rdd7 Re8+ 54. Rfe7 Rb8 55. Kf3 g5 56. Kg4 Ba5 57. Kxg5 Bd8 58. Kxh4 Kb6 59.
Rxd8 Rxd8 60. Re5 Rh8+ 61. Kg4 Rg8+ 62. Kf3 Rf8+ 63. Ke2 Rg8 64. Kf1 Rf8+ 65.
Kg1 Rg8 66. Rf5 Rg4 67. Kf2 Rb4 68. Kf3 Rxb5 69. g4 Rb1 70. g5 Kc6 71. g6 Kd6
72. Rg5 Rf1+ 73. Ke4 Rf8 74. g7 Rg8 75. Kf5 b5 76. Kg6  1-0

[Event "VIII Floripa Chess Open 2022 - LIRA - mesa 1 a 205 - HOTEL FAIAL - 206 a 246"]
[Site "Lira Tênis Clube - Florianópolis/SC"]
[Date "2022.01.27"]
[Round "5"]
[Board "165"]
[White "Campagnolo, Fabiola"]
[Black "Moretto, Leticia Soares"]
[Result "1-0"]
[WhiteElo "1714"]
[BlackElo "1331"]
[PlyCount "55"]
[EventDate "2022.01.24"]
[EventRounds "10"]
[EventCountry "BRA"]

1. Nf3 Nf6 2. b3 g6 3. Bb2 Bg7 4. d4 d5 5. Nbd2 Nc6 6. c4 dxc4 7. bxc4 e6 8. e4
O-O 9. Be2 Re8 10. O-O Nd7 11. Qc2 Nb6 12. c5 Nd7 13. Nc4 a6 14. a4 Nb4 15. Qd2
Nc6 16. Rfe1 Nf6 17. Bd3 Ng4 18. Bb1 Bh6 19. Ne3 Nxe3 20. fxe3 a5 21. Rf1 b6
22. d5 exd5 23. Qc3 f6 24. cxb6 Qd7 25. Rd1 Nb4 26. exd5 Bxe3+ 27. Kh1 Bxb6 28.
Qxf6  1-0

[Event "VIII Floripa Chess Open 2022 - LIRA - mesa 1 a 205 - HOTEL FAIAL - 206 a 246"]
[Site "Lira Tênis Clube - Florianópolis/SC"]
[Date "2022.01.27"]
[Round "5"]
[Board "166"]
[White "De Brito, Gabrielly Rodrigues"]
[Black "Pereira Junior, Ignacio Marrero"]
[Result "1/2-1/2"]
[WhiteElo "1302"]
[BlackElo "1707"]
[PlyCount "123"]
[EventDate "2022.01.24"]
[EventRounds "10"]
[EventCountry "BRA"]

1. Nf3 Nf6 2. g3 d5 3. Bg2 c5 4. O-O Nc6 5. d3 e5 6. e4 d4 7. Nbd2 Be7 8. Nc4
Qc7 9. a4 Be6 10. Re1 Bxc4 11. dxc4 O-O 12. Qe2 a5 13. Bd2 b6 14. Bg5 h6 15.
Bxf6 Bxf6 16. Rad1 Rad8 17. h4 Qd7 18. Nh2 Ne7 19. Ng4 Qd6 20. Qf3 Nc6 21.
Nxf6+ Qxf6 22. Qxf6 gxf6 23. Rd2 Rd6 24. Red1 Rfd8 25. Kf1 Kf8 26. Ke1 Ke7 27.
Kf1 Kf8 28. Bh3 Ne7 29. Ke2 Kg7 30. Kf3 Kg6 31. Kg2 f5 32. exf5+ Nxf5 33. Re1
Kf6 34. Bxf5 Kxf5 35. Rde2 f6 36. f4 Re6 37. fxe5 fxe5 38. Rf1+ Kg6 39. Rfe1
Rde8 40. g4 e4 41. Kg3 e3 42. Rf1 Rf6 43. Rxf6+ Kxf6 44. Kf4 Kg7 45. c3 Rf8+
46. Ke4 Rf2 47. Kd3 Rxe2 48. Kxe2 Kf6 49. Kf3 Ke5 50. b4 dxc3 51. Kxe3 cxb4 52.
Kd3 Kf4 53. g5 hxg5 54. h5 g4 55. h6 g3 56. h7 g2 57. h8=Q g1=Q 58. Qf6+ Kg3
59. Qg6+ Kh2 60. Qh5+ Kg2 61. Qg4+ Kh1 62. Qh3+  1/2-1/2

[Event "VIII Floripa Chess Open 2022 - LIRA - mesa 1 a 205 - HOTEL FAIAL - 206 a 246"]
[Site "Lira Tênis Clube - Florianópolis/SC"]
[Date "2022.01.27"]
[Round "5"]
[Board "167"]
[White "Monici, Arthur Brecht De Freitas"]
[Black "Colaco, Willian Wagner Soares"]
[Result "1/2-1/2"]
[WhiteElo "1295"]
[BlackElo "1705"]
[PlyCount "130"]
[EventDate "2022.01.24"]
[EventRounds "10"]
[EventCountry "BRA"]

1. e4 c5 2. Nf3 d6 3. c3 Nf6 4. Bd3 b6 5. Bc2 Bb7 6. d3 g6 7. O-O Bg7 8. Ba4+
Nbd7 9. e5 dxe5 10. Nxe5 O-O 11. Bf4 Nxe5 12. Bxe5 Qd5 13. Qf3 Qxf3 14. gxf3
Bxf3 15. d4 cxd4 16. Bxd4 Rfd8 17. Nd2 Bb7 18. Rfe1 e6 19. Nc4 Rd5 20. Ne5 Rc8
21. b4 Nh5 22. Bb3 Rd6 23. a4 Nf4 24. b5 Nh3+ 25. Kf1 Bxe5 26. Bxe5 Rd2 27. Bd4
Rd8 28. Re2 Bg2+ 29. Ke1 Rxe2+ 30. Kxe2 Nf4+ 31. Ke3 Nd5+ 32. Kd2 Ne7 33. Kc2
Nf5 34. Bf6 Be4+ 35. Kc1 Rd7 36. a5 bxa5 37. Rxa5 Ng7 38. Bd4 Rc7 39. Rxa7 Rxa7
40. Bxa7 Kf8 41. c4 Ke7 42. c5 Kd7 43. b6 Bc6 44. Bc4 Kc8 45. Ba6+ Bb7 46. Bb5
Nf5 47. c6 Nd6 48. cxb7+ Kxb7 49. Bd3 e5 50. f3 f5 51. Kd2 g5 52. Ke3 h5 53.
Be2 f4+ 54. Kf2 e4 55. fxe4 Nxe4+ 56. Kg2 g4 57. Bc4 f3+ 58. Kg1 Nf6 59. Bd3 h4
60. Kf2 Nd7 61. Be4+ Ka6 62. Bd3+ Kb7 63. Bf5 g3+ 64. hxg3 hxg3+ 65. Kxg3 Nxb6
 1/2-1/2

[Event "VIII Floripa Chess Open 2022 - LIRA - mesa 1 a 205 - HOTEL FAIAL - 206 a 246"]
[Site "Lira Tênis Clube - Florianópolis/SC"]
[Date "2022.01.27"]
[Round "5"]
[Board "168"]
[White "Juliano, Luiz Augusto Porto"]
[Black "Fugimoto, Rafael Aoki"]
[Result "1-0"]
[WhiteElo "1690"]
[BlackElo "1285"]
[PlyCount "43"]
[EventDate "2022.01.24"]
[EventRounds "10"]
[EventCountry "BRA"]

1. c4 c5 2. g3 e6 3. Bg2 Qc7 4. Nc3 a6 5. e4 Nf6 6. Nge2 Be7 7. d3 Nc6 8. h3 d6
9. Be3 Rb8 10. O-O O-O 11. Rc1 b6 12. d4 Bb7 13. d5 exd5 14. exd5 Ne5 15. Ne4
Nxe4 16. Bxe4 Qd7 17. f4 Ng6 18. f5 Ne5 19. Nf4 Bg5 20. Qh5 Qe7 21. f6 Bxf6 22.
Qxh7#  1-0

[Event "VIII Floripa Chess Open 2022 - LIRA - mesa 1 a 205 - HOTEL FAIAL - 206 a 246"]
[Site "Lira Tênis Clube - Florianópolis/SC"]
[Date "2022.01.27"]
[Round "5"]
[Board "169"]
[White "Muniz, Henrique Rocha"]
[Black "Schmidt, Erick Eduardo Da Silva"]
[Result "0-1"]
[WhiteElo "1279"]
[BlackElo "1683"]
[PlyCount "66"]
[EventDate "2022.01.24"]
[EventRounds "10"]
[EventCountry "BRA"]

1. e4 c5 2. Nf3 d6 3. d4 cxd4 4. Nxd4 Nf6 5. Nc3 a6 6. Be3 e5 7. Nf3 Be7 8. Bd3
Nbd7 9. Qe2 O-O 10. O-O b5 11. a3 Bb7 12. Bg5 h6 13. Bh4 Rc8 14. a4 b4 15. Na2
a5 16. c3 b3 17. Nc1 Nc5 18. Nd2 d5 19. Bxf6 Bxf6 20. f3 Qb6 21. Qf2 d4 22. Nc4
Qc7 23. Bb1 dxc3 24. bxc3 Nxe4 25. Bxe4 Bxe4 26. fxe4 Qxc4 27. Ra3 Be7 28. Qb2
Qc5+ 29. Kh1 Qxa3 30. Qxa3 Bxa3 31. Nxb3 Rxc3 32. Nxa5 Ra8 33. Nb7 Rc7  0-1

[Event "VIII Floripa Chess Open 2022 - LIRA - mesa 1 a 205 - HOTEL FAIAL - 206 a 246"]
[Site "Lira Tênis Clube - Florianópolis/SC"]
[Date "2022.01.27"]
[Round "5"]
[Board "170"]
[White "Da Silva, Kauan Salvagni Teles"]
[Black "Vaz, Osvaldo Jose"]
[Result "0-1"]
[WhiteElo "1218"]
[BlackElo "1680"]
[PlyCount "64"]
[EventDate "2022.01.24"]
[EventRounds "10"]
[EventCountry "BRA"]

1. d4 d5 2. e3 Nf6 3. Bd3 e6 4. f4 c5 5. c3 Nbd7 6. Nf3 Be7 7. Nbd2 O-O 8. O-O
b6 9. Ne5 Bb7 10. Rf3 Ne4 11. Rh3 g6 12. Nxe4 dxe4 13. Bc2 f5 14. Qe1 Nxe5 15.
fxe5 Rf7 16. Qg3 Qc7 17. Bb3 c4 18. Bc2 Raf8 19. Bd2 Rg7 20. Rf1 Qd8 21. Qf2
Qe8 22. Qe2 Qc8 23. g4 Rgf7 24. Be1 Qc6 25. Bh4 g5 26. Bg3 f4 27. Bf2 fxe3 28.
Qxe3 Rf3 29. Rxf3 Rxf3 30. Qe2 e3 31. Bxe3 Rxe3 32. Bxh7+ Kg7  0-1

[Event "VIII Floripa Chess Open 2022 - LIRA - mesa 1 a 205 - HOTEL FAIAL - 206 a 246"]
[Site "Lira Tênis Clube - Florianópolis/SC"]
[Date "2022.01.27"]
[Round "5"]
[Board "171"]
[White "Zhong, Lanxin"]
[Black "Penha, Evelyn Maximiano"]
[Result "1/2-1/2"]
[WhiteElo "1139"]
[BlackElo "1665"]
[PlyCount "98"]
[EventDate "2022.01.24"]
[EventRounds "10"]
[EventCountry "BRA"]

1. e4 c5 2. Nf3 d6 3. d4 cxd4 4. Nxd4 Nf6 5. Nc3 a6 6. a4 e5 7. Nf3 Be6 8. h3
h6 9. Be3 Be7 10. Bd3 O-O 11. O-O Nc6 12. Ne2 d5 13. Ng3 d4 14. Bd2 Rc8 15. c3
Bc5 16. Rc1 Qb6 17. b4 Bd6 18. Bc2 Qd8 19. Bb3 Qe7 20. Bxe6 Qxe6 21. b5 Na5 22.
cxd4 Rxc1 23. Bxc1 exd4 24. Nxd4 Qc4 25. Ndf5 Bxg3 26. Nxg3 Nxe4 27. Nxe4 Qxe4
28. Qg4 Qxg4 29. hxg4 Rc8 30. Bd2 Nb3 31. Be3 Rc4 32. Rb1 Nd4 33. bxa6 bxa6 34.
a5 Ra4 35. f3 Nc6 36. Rb6 Nxa5 37. Rxa6 Ra1+ 38. Kh2 Nb3 39. Rxa1 Nxa1 40. Kg3
Nb3 41. Kf4 Na5 42. g5 hxg5+ 43. Kxg5 Nc6 44. Bc5 Kh7 45. f4 Nd8 46. f5 f6+ 47.
Kh5 Nc6 48. g4 Ne5 49. Be7 Nxg4  1/2-1/2

[Event "VIII Floripa Chess Open 2022 - LIRA - mesa 1 a 205 - HOTEL FAIAL - 206 a 246"]
[Site "Lira Tênis Clube - Florianópolis/SC"]
[Date "2022.01.27"]
[Round "5"]
[Board "172"]
[White "Dias, Juliane De Oliveira"]
[Black "Zottis, Pietro"]
[Result "1-0"]
[WhiteElo "1663"]
[BlackElo "1214"]
[PlyCount "93"]
[EventDate "2022.01.24"]
[EventRounds "10"]
[EventCountry "BRA"]

1. e4 e6 2. d4 d5 3. exd5 exd5 4. Nf3 Bd6 5. Bd3 Ne7 6. O-O O-O 7. Bg5 f6 8.
Bh4 Nbc6 9. c3 Bf5 10. Bg3 Re8 11. Nh4 Bxd3 12. Qxd3 a6 13. Nd2 b5 14. Nhf3 Ng6
15. Rfe1 Qd7 16. Nb3 b4 17. Bxd6 Qxd6 18. Nc5 Nf4 19. Qd2 bxc3 20. bxc3 Ne6 21.
Nxe6 Rxe6 22. Rxe6 Qxe6 23. Re1 Qd7 24. Qd3 a5 25. h3 Re8 26. Rxe8+ Qxe8 27.
Qf5 Qe7 28. Qxd5+ Qf7 29. Qxc6 h6 30. d5 a4 31. c4 a3 32. Qa8+ Kh7 33. Qxa3 Qd7
34. Qd3+ Kg8 35. c5 Qe7 36. d6 cxd6 37. Qxd6 Qxd6 38. cxd6 Kf7 39. Nd4 Ke8 40.
Nf5 Kd7 41. Nxg7 Kxd6 42. Nf5+ Kc5 43. Nxh6 Kb4 44. Ng4 f5 45. Ne3 f4 46. Nd5+
Ka3 47. Nxf4  1-0

[Event "VIII Floripa Chess Open 2022 - LIRA - mesa 1 a 205 - HOTEL FAIAL - 206 a 246"]
[Site "Lira Tênis Clube - Florianópolis/SC"]
[Date "2022.01.27"]
[Round "5"]
[Board "173"]
[White "Vera Villalba, Marcelo Amin"]
[Black "Tsuchie, Pedro Pinheiro"]
[Result "0-1"]
[WhiteElo "1132"]
[BlackElo "1660"]
[PlyCount "52"]
[EventDate "2022.01.24"]
[EventRounds "10"]
[EventCountry "BRA"]

1. d4 d5 2. Bf4 c5 3. e3 e6 4. Nf3 Nf6 5. c3 Bd6 6. Bg3 O-O 7. Bd3 b6 8. Qe2
Bb7 9. Nbd2 Nc6 10. O-O Bxg3 11. hxg3 Re8 12. Bb5 a6 13. Bxc6 Bxc6 14. Rfe1 Ne4
15. Nxe4 dxe4 16. Nd2 Qe7 17. Qg4 Rad8 18. Qf4 e5 19. Qg4 exd4 20. exd4 cxd4
21. Nxe4 f5 22. Qxf5 Bxe4 23. Qf4 Qb7 24. f3 Bg6 25. cxd4 Rxe1+ 26. Rxe1 Qd5
 0-1